Vývoj a realizácia mobilnej aplikácie za účelom zefektívnenia vzdelávacej činnosti študentov Obchodnej fakulty bakalárska práca

Guardado en:
Detalles Bibliográficos
Autor principal: Ľuba, Maroš
Autor Corporativo: Obchodná fakulta EU. Katedra marketingu
Otros Autores: Chomová, Katarína, 1983-
Formato: Libro
Lenguaje:eslovaco
Publicado: Bratislava 2015
Etiquetas: Agregar Etiqueta
Sin Etiquetas, Sea el primero en etiquetar este registro!

MARC

LEADER 00000nbm a2200000 4500
001 0206521
005 20170306143635.2
041 0 |a slo 
044 |a SK 
245 1 0 |a Vývoj a realizácia mobilnej aplikácie za účelom zefektívnenia vzdelávacej činnosti študentov Obchodnej fakulty  |b bakalárska práca  |c Maroš Ľuba ; školiteľ: Katarína Chomová 
264 1 |a Bratislava  |c 2015 
300 |a 52 s. 
100 1 |a Ľuba, Maroš 
700 1 |a Chomová, Katarína, 1983- 
710 2 |a Obchodná fakulta EU. Katedra marketingu